000 01030nam a22003737a 4500
001 0009880
003 KOHA_MİRAKIL
005 20260207001725.0
007 ta
008 091027b2000 tu |||gr||||#||||0|tur |
020 _a975316386X
040 _aTR-BiSEU
_btur
_cTR-BiSEU
_erda
041 0 _atur
044 _ctu
050 _aJC336
_b.G56 2000
245 0 _aGlobal/yerel eksende Türkiye/
_ceditörler E. Fuat Keyman, Ali Yaşar Sarıbay.
264 1 _aİstanbul :
_bAlfa Yayınları
_c2000
300 _aX, 349 sayfa
336 _ametin
_btxt
_2rdacontent
337 _aaracısız
_bn
_2rdamedia
338 _acilt
_bnc
_2rdacarrier
490 1 _aAlfa ;
_v717.
490 1 _aDizi no.
490 1 _a025
500 _aKaynakça var.
650 0 _aSivil toplum.
_98876
650 0 _aKollektif kimlik.
_924400
650 0 _aSivil toplum--Türkiye.
_99325
650 0 _aSiyasal kültür--Türkiye.
_924401
830 1 _aAlfa ;
_v717.
_94684
830 1 _aDizi no.
_94170
830 1 _a025
_924402
942 _2lcc
_cBK
999 _c9852
_d9852